00334nam a2200133Ia 4500003000400000005001700004008004100021020001900062040002000081100002600101100000900127245004800136260001600184OSt20240131155513.0170524s9999 xx 000 0 und d a978-8171947379 cIIMT UNIVERSITY aSarangi- Dr. Prashant c2010 0aRESEARCH METHODALOGY WITH EXCEL APP ON C.D. aTaxmann Pub